Honour in African history / (Record no. 181)

000 -LEADER
fixed length control field 01212cam a2200301 a 4500
001 - CONTROL NUMBER
control field 13507980
003 - CONTROL NUMBER IDENTIFIER
control field OSt
005 - DATE AND TIME OF LATEST TRANSACTION
control field 20140116120820.0
008 - FIXED-LENGTH DATA ELEMENTS--GENERAL INFORMATION
fixed length control field 040302s2004 nyuab b 001 0 eng
010 ## - LIBRARY OF CONGRESS CONTROL NUMBER
LC control number 2004045687
020 ## - INTERNATIONAL STANDARD BOOK NUMBER
International Standard Book Number 9780521546850
040 ## - CATALOGING SOURCE
Original cataloging agency DLC
Transcribing agency DLC
Modifying agency DLC
043 ## - GEOGRAPHIC AREA CODE
Geographic area code f------
050 00 - LIBRARY OF CONGRESS CALL NUMBER
Classification number DT21.I45 2005
100 1# - MAIN ENTRY--PERSONAL NAME
Personal name Iliffe, John.
245 10 - TITLE STATEMENT
Title Honour in African history /
Statement of responsibility, etc John Iliffe.
260 ## - PUBLICATION, DISTRIBUTION, ETC. (IMPRINT)
Place of publication, distribution, etc New York :
Name of publisher, distributor, etc Cambridge University Press,
Date of publication, distribution, etc 2005.
300 ## - PHYSICAL DESCRIPTION
Extent xxiv, 404 p. :
Other physical details ill., maps ;
Dimensions 24 cm.
440 #0 - SERIES STATEMENT/ADDED ENTRY--TITLE
Title African studies series ;
Volume number/sequential designation 107
504 ## - BIBLIOGRAPHY, ETC. NOTE
Bibliography, etc Includes bibliographical references and index.
650 #0 - SUBJECT ADDED ENTRY--TOPICAL TERM
Topical term or geographic name as entry element Honor
Geographic subdivision Africa
General subdivision History.
856 41 - ELECTRONIC LOCATION AND ACCESS
Materials specified Table of contents
Uniform Resource Identifier <a href="http://www.loc.gov/catdir/toc/cam051/2004045687.html">http://www.loc.gov/catdir/toc/cam051/2004045687.html</a>
856 42 - ELECTRONIC LOCATION AND ACCESS
Materials specified Publisher description
Uniform Resource Identifier <a href="http://www.loc.gov/catdir/description/cam041/2004045687.html">http://www.loc.gov/catdir/description/cam041/2004045687.html</a>
856 42 - ELECTRONIC LOCATION AND ACCESS
Materials specified Contributor biographical information
Uniform Resource Identifier <a href="http://www.loc.gov/catdir/enhancements/fy0733/2004045687-b.html">http://www.loc.gov/catdir/enhancements/fy0733/2004045687-b.html</a>
906 ## - LOCAL DATA ELEMENT F, LDF (RLIN)
a 7
b cbc
c orignew
d 1
e ocip
f 20
g y-gencatlg
942 ## - ADDED ENTRY ELEMENTS (KOHA)
Source of classification or shelving scheme
Koha item type Book
Holdings
Withdrawn status Lost status Source of classification or shelving scheme Damaged status Not for loan Home library Current library Date acquired Source of acquisition Total Checkouts Total Renewals Full call number Barcode Date last seen Date checked out Copy number Price effective from Koha item type Checked out
          Riara University Library Riara University Library 11/10/2011 Purchase 7 5 DT21.I45 2005 1345/11 30/07/2019 04/02/2019 C.1 11/10/2011 Book  
          Riara University Library Riara University Library 11/10/2011 Purchase 1 1 DT21.I45 2005 1343/11 03/11/2015 03/11/2015 C.2 11/10/2011 Book 05/12/2015
          Riara University Library Riara University Library 11/10/2011 Purchase 4   DT21.I45 2005 1344/11 23/11/2017 22/09/2017 C.3 11/10/2011 Book  

Riara University Library,
P.O. Box 49940-00100,
Nairobi, Kenya.